Catalog

Record Details

Catalog Search



Available copies

  • 2 of 2 copies available at LARL/NWRL Consortium.

Current holds

0 current holds with 2 total copies.

Show Only Available Copies
Location Call Number / Copy Notes Barcode Shelving Location Status Due Date
Greenbush Public Library BOOK-ON-CD EVA (Text) 35500004073050 Main Available -
Thief River Falls Public Library BOOK-ON-CD EVA (Text) 35500003957642 Main Available -

Record details

  • ISBN: 142720053X
  • ISBN: 9781427200532
  • Physical Description: 3 sound discs (3 hr. 15 min.) : digital ; 4 3/4 ... Read More
  • Publisher: New York : Audio Renaissance, p2007.

Content descriptions

General Note:
Compact discs.
Unabridged.
Participant or Performer Note:
Read by Lorelei King.
Subject: Plum, Stephanie (Fictitious character) > Fiction.
Women private investigators > New Jersey > Fiction.
Trenton (N.J.) > Fiction.
Genre: Compact discs.
Audiobooks.
LDR 01402nim a2200361Ia 4500
00175827
003LARL_NWRL_CONSORTIUM
00520220607223825.0
008070103s2007 nyu n z eng d
020 . ‡a142720053X
020 . ‡a9781427200532
035 . ‡a(OCoLC)77522916
1001 . ‡aEvanovich, Janet. ‡0(LARL_NWRL_CONSORTIUM)113290
24510. ‡aPlum lovin' ‡n#2 ‡h[CD/sound recording] / ‡cJanet Evanovich.
260 . ‡aNew York : ‡bAudio Renaissance, ‡cp2007.
300 . ‡a3 sound discs (3 hr. 15 min.) : ‡bdigital ; ‡c4 3/4 in.
4900 . ‡aStephanie Plum Between-the-Numbers ; ‡v2
500 . ‡aCompact discs.
5110 . ‡aRead by Lorelei King.
500 . ‡aUnabridged.
650 0. ‡aPlum, Stephanie (Fictitious character) ‡vFiction. ‡0(LARL_NWRL_CONSORTIUM)174150
650 0. ‡aWomen private investigators ‡zNew Jersey ‡vFiction.
655 0. ‡aCompact discs.
651 0. ‡aTrenton (N.J.) ‡vFiction.
655 0. ‡aAudiobooks. ‡0(LARL_NWRL_CONSORTIUM)175801
7001 . ‡aKing, Lorelei. ‡0(LARL_NWRL_CONSORTIUM)141747
901 . ‡a75827 ‡bOCLC ‡c75827 ‡tbiblio

Additional Resources